00946nam a22002777a 45000010005000000030006000050050017000110080041000280200018000690400029000870500008001161000020001242450067001442600051002113000049002624900021003115050008003325200046003405210028003865210020004146500032004347000036004669420015005029990015005179520136005324488FISKH20240912092611.0240912b cb ||||| |||| 00| 0 eng d a9780618285037 aFISKHbengcFISKHdFISKH aPZ7 aMcGovern, Will  aMy cat / cby Will McGovern : illustrated by Doreen Gay-Kassel aBoston :bHoughton Mifflin Company ; c2004 .  a8 pages : bcolor illustrations ; c21 cm .  aLeveled Readers  aB  aSee all the things a pet cat likes to do.8 a40 bLexile estimate 8 aB bRaz-Plus  aanimals vrealistic fiction aGay-Kassel, Doreeneillustrator 2ddccBKn0 c4488d4488 00102ddc40708JUVFa001b001cTTPd2024-09-12l1oMCG PZ7pFIS04233q2025-08-19r2025-08-05 14:07:39s2025-08-05w2024-09-12yBK